000 00187 a2200097 4500
001 4910
100 _aCalder,R
245 _aMedicine & Man
260 _a
_ballen
_c
090 _c4099
_d4099
942 _aNUST-CAE
_cM
_c30377
999 _c239983
_d239983